000 01058cam a2200325 a 4500
001 1769
003 FISKH
005 20231002140527.0
008 110729s2012 nyua j 001 0 eng
010 _a 2011031372
020 _a9780531208595 (library binding)
020 _a9780531209288 (pbk.)
040 _aDLC
_cDLC
_dDLC
_beng
042 _apcc
050 0 0 _aGV461.3
_b.M323 2012
082 0 0 _a796.44
_223
100 1 _aMara, Wil.
245 1 0 _aGymnastics /
_cby Wil Mara.
260 _aNew York :
_bScholastic,
_c2012.
300 _a32 pages :
_bcolor illustrations ;
_c19 cm.
490 0 _aRookie read-about sports
505 0 _aJ
520 _aExplains the events and apparatus of gymnastics and includes tips on good sportsmanship and nutrition.
521 8 _a450
_bLexile
521 8 _aJ
_bRaz-Plus
650 0 _aGymnastics
_vJuvenile literature.
906 _a7
_bcbc
_corignew
_d1
_eecip
_f20
_gy-gencatlg
942 _2ddc
_cBK
_n0
999 _c1769
_d1769